| 000 -LEADER |
| fixed length control field |
00609cam a2200193Ia 4500 |
| 020 ## - INTERNATIONAL STANDARD BOOK NUMBER |
| ISBN |
4130370219 |
| 020 ## - INTERNATIONAL STANDARD BOOK NUMBER |
| ISBN |
0860085015 |
| 040 ## - CATALOGING SOURCE |
| Transcribing agency |
COH |
| 041 1# - LANGUAGE CODE |
| Language code of original and/or intermediate translations of text |
jap |
| 082 ## - DEWEY DECIMAL CLASSIFICATION NUMBER |
| Classification number |
320 UNI 1994 A014 Or. |
| 100 1# - MAIN ENTRY--AUTHOR NAME |
| Personal name |
Abe, Hitoshi |
| 245 14 - TITLE STATEMENT |
| Title |
The government and politics of Japan / |
| 260 ## - PUBLICATION, DISTRIBUTION, ETC. (IMPRINT) |
| Place of publication |
[Tokyo] : |
| Name of publisher |
University of Tokyo Press, |
| Year of publication |
c1994 |
| 300 ## - PHYSICAL DESCRIPTION |
| Number of Pages |
xiv, 244 p. : |
| Other physical details |
ill. ; |
| Dimensions |
23 cm |
| 500 ## - GENERAL NOTE |
| General note |
"This volume is a translation of Gaisetsu Gendai Nihon no Seiji, published by University of Tokyo Press in 1990"--T.p. verso |
| 700 1# - ADDED ENTRY--PERSONAL NAME |
| Personal name |
Shind¿, Muneyuki, |
| 700 1# - ADDED ENTRY--PERSONAL NAME |
| Personal name |
Kawato, Sadafumi, |
| 942 ## - ADDED ENTRY ELEMENTS (KOHA) |
| Koha item type |
សៀវភៅភាសាអង់គ្លេស |
| 952 ## - LOCATION AND ITEM INFORMATION (KOHA) |
| Withdrawn status [LOCAL, KOHA] |
0 |